Statistics for Country by Soccer (Football) Team #1

Click here to take the quiz!

General Stats

  • This quiz has been taken 88 times
  • The average score is 18 of 20

Answer Stats

TeamCountry% Correct
Aston VillaEngland
100%
BayerGermany
100%
OlympiacosGreece
100%
JuventusItaly
100%
AjaxNetherlands
100%
CelticScotland
100%
PSGFrance
99%
Boca JuniorsArgentina
96%
GalatasarayTurkey
95%
ZenitRussia
94%
SoundersUnited States
91%
FluminenseBrazil
88%
Liaoning WhowinChina
85%
SteauaRomania
85%
Red StarSerbia
84%
Kaiser ChiefsSouth Africa
75%
HajdukCroatia
69%
DjurgårdensSweden
68%
Colo-ColoChile
66%
FerencvárosiHungary
61%

Score Distribution

Percentile by Number Answered

Percent of People with Each Score

Your Score History

You have not taken this quiz